000 00651nam a2200217Ii 4500
003 JO-AjNU
008 230605s9999||||xx |||||||||||||| ||und||
017 _a1995/5822
020 _a977-01-4473-8
040 _aJO-AjNU
_bara
_erda
_cJO-AjNU
041 _aara
050 1 4 _aPJ7848.J5 1995
100 3 _aجبريل، محمد,
_eauthor
_957071
245 0 0 _aزهرة الصباح
264 3 1 _aالقاهرة: الهيئة المصرية العامة للكتاب، 1995
300 _a291ص
336 _atext
_btxt
_2rdacontent
337 _aunmediated
_bn
_2rdamedia
338 _avolume
_bnc
_2rdacarrier
650 4 _aقصص عربية
_957072
999 _aA25553
_c29121
_d29121